| 000 | 00779cam a2200265u 4500 | ||
|---|---|---|---|
| 001 | 30467 | ||
| 003 | BD-RjUL | ||
| 005 | 20211209051553.0 | ||
| 008 | 140410r19721920enk 001 0 eng d | ||
| 020 | _a0333008367 | ||
| 035 | _a(BD-RjUL)30553 | ||
| 040 |
_aDLC _cCarP _dDLC _dBD-RjUL _beng |
||
| 041 | _aeng | ||
| 082 | 0 | 4 |
_a180 _bSTC 1972 |
| 100 | 1 |
_aStace, Walter Terence. [from old catalog] _992580 |
|
| 245 | 0 | 2 |
_aA critical history of Greek philosophy / _c Walter Terence Stace |
| 260 |
_aLondon : _bMacmillan and co., limited, _c1920. [Reprinted 1972] |
||
| 300 |
_axiv, 386 p. ; _c20 cm. |
||
| 504 | _aIncludes Index | ||
| 650 | 0 |
_aPhilosophy, Ancient. _93836 |
|
| 740 | _aGreek philosophy. | ||
| 942 |
_2ddc _cBK _03 |
||
| 999 |
_c30467 _d30467 |
||